Les fossiles du Liban (Record no. 10791)

MARC details
000 -LEADER
fixed length control field 00684nam a2200265 4500
005 - DATE AND TIME OF LATEST TRANSACTION
control field 20181025111102.0
008 - FIXED-LENGTH DATA ELEMENTS--GENERAL INFORMATION
fixed length control field b xx# fre u
010 ## - LIBRARY OF CONGRESS CONTROL NUMBER
LC control number 42431...42465
020 ## - INTERNATIONAL STANDARD BOOK NUMBER
International Standard Book Number 2920021540
020 ## - INTERNATIONAL STANDARD BOOK NUMBER
International Standard Book Number 9782920021549
040 ## - CATALOGING SOURCE
Original cataloging agency LB-BrCRDP
082 ## - DEWEY DECIMAL CLASSIFICATION NUMBER
Classification number 560/A783f
100 1# - MAIN ENTRY--PERSONAL NAME
Personal name Arslan, Samir
130 0# - MAIN ENTRY--UNIFORM TITLE
Language of a work FR
245 10 - TITLE STATEMENT
Title Les fossiles du Liban
Remainder of title guide pratique
260 ## - PUBLICATION, DISTRIBUTION, ETC.
Place of publication, distribution, etc. [Beurouth]
Date of publication, distribution, etc. Meouchy Zakaria,
Name of publisher, distributor, etc. 1995.
300 ## - PHYSICAL DESCRIPTION
Extent 86p. :
Other physical details ill. ;
Dimensions 21 cm
630 ## - SUBJECT ADDED ENTRY--UNIFORM TITLE
Uniform title Fossils
630 ## - SUBJECT ADDED ENTRY--UNIFORM TITLE
Uniform title Lebanon
630 ## - SUBJECT ADDED ENTRY--UNIFORM TITLE
Uniform title Classification.
700 10 - ADDED ENTRY--PERSONAL NAME
Personal name Gèze, Raymond
700 10 - ADDED ENTRY--PERSONAL NAME
Personal name Abdl-Nour, Hani
942 ## - ADDED ENTRY ELEMENTS (KOHA)
Koha item type Books
Source of classification or shelving scheme Dewey Decimal Classification
Holdings
Withdrawn status Lost status Source of classification or shelving scheme Damaged status Not for loan Home library Current library Shelving location Date acquired Total Checkouts Full call number Barcode Date last seen Copy number Price effective from Koha item type
    Dewey Decimal Classification     مكتبة المطبعة - سن الفيل مكتبة المطبعة - سن الفيل Salle de Lecture 07/27/2016   560 A783f CRF000486 07/27/2016 1 07/27/2016 Books
    Dewey Decimal Classification     مكتبة المطبعة - سن الفيل مكتبة المطبعة - سن الفيل Salle de Lecture 07/27/2016   560 A783f CRF000487 07/27/2016 2 07/27/2016 Books
    Dewey Decimal Classification     مكتبة المطبعة - سن الفيل مكتبة المطبعة - سن الفيل   10/25/2018   560 A783f crdp017583 10/25/2018 3 10/25/2018 Books